Statistics for Obscure Trivia from The Office

Click here to take the quiz!

General Stats

  • This quiz has been taken 14 times
  • The average score is 13 of 25

Answer Stats

QuestionAnswer% Correct
Michael's controversial impersonation of which real-life funny guy lead to required diversity training?Chris Rock
92%
What career did Hide enjoy in Japan before coming to America?Heart Surgeon. Number One
92%
One of Pam's bridesmaids, Isabel, had a fling with Dwight. What was Isabel's occupation?Dental Hygienist
85%
Toby has a brother who lives in Boulder, CO. What is his name?Rory
85%
The DM gang invested in what business founded by Ryan and was the brain child of Kelly?Woof
85%
How did Michael's former boss, Ed Truck, die?Decapitation
77%
Who did Karen attempt to hire away from Scranton for the Utica breach of Dunder Mifflin?Stanley
69%
Darryl and Pam share the same religion. What is it?Presbyterian
62%
What is the name of Holly's favorite Toy Story character?Woody
62%
Dwight discharged a gun in the office and was removed as acting manager. Who briefly replaced Dwight?Creed
54%
Deangelo Vickers provided a captivating mimed juggling routine to a song played by which band?Evanescence
54%
Meredith was trading "dates" for gift cards to what restaurant chain?Outback Steakhouse
54%
What industry did Charles Miner work in prior to joining Dunder Mifflin?Steel
54%
How many minutes did Michael Scott work at Dunder Mifflin?9,986,000
46%
Jordan, Deangelo's newly hired executive assistant, worked at what retail store before coming to DM?Anthropologie
46%
Jan created an album of cover songs from what famous person?Doris Day
46%
Which character was not in Michael's movie Threat Level MidnightHolly
46%
The bar owned by Danny Cordray is known as what?Public School
46%
Which of the following is false about Jo Bennet?She authored an autobiography titled, Kiss My Grits and Other Charming Sayings from the South
46%
Pam dropped out of which art school?Pratt
31%
What holiday was being celebrated when Darryl was given Jim's old office by Jo?St. Patrick's Day
31%
CeCe was Christened while wearing a band shirt. Name the bandArcade Fire
23%
What is Darryl's daughter named?Halle
23%
The last time Michael saw his nephew, Luke, what movie had just been releasedAce Ventura: When Nature Calls
15%
What game does the crew in the Scranton office play as a way to distract them from the possibility of DM going bankrupt?Dallas
0%

Score Distribution

Percentile by Number Answered

Percent of People with Each Score

Your Score History

You have not taken this quiz